000 00660nam a2200277Ia 4500
005 20260324142832.0
008 008 260324s9999 xx 000 0 eng d
020 _a9781351024143
037 _aEBOOK
040 _aCRL
040 _beng
040 _cCRL
041 _2eng
041 _aeng
084 _qCRL
100 _aVincent Renard; Rodrigo Acosta
_91213413
245 0 _aUrban Land and Property Markets in France
260 _bTaylor and Francis
260 _c1993
365 _a
365 _b105
856 _uhttp://www.taylorfrancis.com/books/9781351024143
942 _cEBOOK
999 _c1818087
_d1818087